Xã hội học chuyên biệt

সংরক্ষণ করুন:
গ্রন্থ-পঞ্জীর বিবরন
প্রধান লেখক: Thanh Lê
বিন্যাস: গ্রন্থ
ভাষা:Undetermined
প্রকাশিত: Hà Nội KHXH 2000
বিষয়গুলি:
ট্যাগগুলো: ট্যাগ যুক্ত করুন
কোনো ট্যাগ নেই, প্রথমজন হিসাবে ট্যাগ করুন!
Thư viện lưu trữ: Trung tâm Học liệu Trường Đại học Cần Thơ
LEADER 00502nam a2200193Ia 4500
001 CTU_37032
008 210402s9999 xx 000 0 und d
020 |b 38.000đ 
082 |a 303.3 
082 |b Th107 
100 |a Thanh Lê 
245 0 |a Xã hội học chuyên biệt 
245 0 |c Thanh Lê, Tuệ Nhân 
260 |a Hà Nội 
260 |b KHXH 
260 |c 2000 
650 |a sociology 
904 |i Minh, 000617 
980 |a Trung tâm Học liệu Trường Đại học Cần Thơ